Biggest Cities in Michigan Quiz - Statistics

General Stats
  • This quiz has been taken 77 times
  • The average score is 7 of 15
Answer Stats
Hint Answer % Correct
713,777 Detroit
100%
188,040 Grand Rapids
91%
114,297 Lansing
86%
102,434 Flint
83%
113,934 Ann Arbor
80%
98,153 Dearborn
57%
134,056 Warren
49%
129,699 Sterling Heights
42%
80,980 Troy
30%
96,942 Livonia
25%
79,740 Farmington Hills
17%
96,796 Clinton
9%
90,173 Canton
6%
84,094 Westland
6%
79,580 Macomb
3%
No matching quizzes found
Score Distribution
Percent of People with Each Score
Percentile by Number Answered
Your Score History
You have not taken this quiz